书目信息 |
| 题名: |
既有建筑改造技术指南
|
|
| 作者: | 王清勤 , 唐曹明 编 | |
| 分册: | ||
| 出版信息: | 北京 中国建筑工业出版社 2012 |
|
| 页数: | 16, 540页 | |
| 开本: | 26cm | |
| 丛书名: | 既有建筑综合改造系列丛书 | |
| 单 册: | ||
| 中图分类: | TU746.3-62 | |
| 科图分类: | ||
| 主题词: | 建筑物--jian zhu wu--改造--中国--指南 | |
| 电子资源: | ||
| ISBN: | 978-7-112-13973-6 | |
| 000 | 01087nam 2200289 450 | |
| 001 | 0100004314 | |
| 005 | 20191109092455.31 | |
| 010 | @a978-7-112-13973-6@dCNY78.00 | |
| 100 | @a20121210d2012 em y0chiy50 ea | |
| 101 | 0 | @achi |
| 102 | @aCN@b110000 | |
| 105 | @aak a 000yy | |
| 200 | 1 | @a既有建筑改造技术指南@Aji you jian zhu gai zao ji shu zhi nan@f王清勤, 唐曹明编 |
| 210 | @a北京@c中国建筑工业出版社@d2012 | |
| 215 | @a16, 540页@c图@d26cm | |
| 225 | 2 | @a既有建筑综合改造系列丛书@Aji you jian zhu zong he gai zao xi lie cong shu |
| 312 | @a英文题名取自封面 | |
| 320 | @a有书目 | |
| 330 | @a本书主要内容包括: 既有建筑结构改造 ; 既有建筑防火改造 ; 既有建筑地基基础加固 ; 既有建筑加装电梯安全设计等。 | |
| 410 | 0 | @12001 @a既有建筑综合改造系列丛书 |
| 510 | 1 | @aSeries of integrated retrofitting solutions for existing buildings@zeng |
| 606 | 0 | @a建筑物@Ajian zhu wu@x改造@y中国@j指南 |
| 690 | @aTU746.3-62@v5 | |
| 701 | 0 | @a王清勤@Awang qing qin@4编 |
| 701 | 0 | @a唐曹明@Atang cao ming@4编 |
| 801 | 0 | @aCN@c20150827 |
| 905 | @a河南城建学院图书馆@dTU746.3-62@eW315 | |
| 既有建筑改造技术指南/王清勤, 唐曹明编.-北京:中国建筑工业出版社,2012 |
| 16, 540页:图;26cm.-(既有建筑综合改造系列丛书) |
| ISBN 978-7-112-13973-6:CNY78.00 |
| 本书主要内容包括: 既有建筑结构改造 ; 既有建筑防火改造 ; 既有建筑地基基础加固 ; 既有建筑加装电梯安全设计等。 |
| ● |
| 相关链接 |
|
|
|
正题名:既有建筑改造技术指南
索取号:TU746.3-62/W315
 
预约/预借
| 序号 | 登录号 | 条形码 | 馆藏地/架位号 | 状态 | 备注 |
| 1 | 1177875 | 211778753 | 建筑库201/201建筑库 41排4列4层/ [索取号:TU746.3-62/W315] | 在馆 | |
| 2 | 1177876 | 211778762 | 建筑库201/201建筑库 41排4列4层/ [索取号:TU746.3-62/W315] | 在馆 | |
| 3 | 1177877 | 211778771 | 建筑库201/201建筑库 41排4列4层/ [索取号:TU746.3-62/W315] | 在馆 | |
| 4 | 1302282 | 213022824 | 建筑库201/201建筑库 41排4列4层/ [索取号:TU746.3-62/W315] | 在馆 | |
| 5 | 1302283 | 213022833 | 建筑库201/201建筑库 41排4列4层/ [索取号:TU746.3-62/W315] | 在馆 | |
| 6 | 1302284 | 213022842 | 建筑库201/201建筑库 41排4列4层/ [索取号:TU746.3-62/W315] | 在馆 |